Responses for Show #1843 - Wednesday, September 16, 1992

Game entered from audiorecording.
Missing prizes.

Contestants

[<< previous game]

Jose Gracia-Medrano, an accountant and musician from Covina, California

Teresa Anderson, an accounts receivable clerk originally from Deerfield, Illinois

Diane O'Keefe, a hospital librarian from Southgate, Michigan (whose 2-day cash winnings total $15,600)

[next game >>]

Jeopardy! Round responses

FROM THE OLD WORLD
SPORTS NICKNAMES
ARCHITECTURE
ANIMALS
GIRL SCOUT BADGES
ENDS ON "OO"
    $100 6
chicken

Jose
    $100 7
Wilt Chamberlain

Jose
    $100 13
London

Jose
    $100 18
(Diane: What is Australia?)

Antarctica

DianeJose
    $100 1
Photography

Teresa
    $100 22
an igloo

Teresa
    $200 9
olives

Jose
    $200 8
(Teresa: Who is Arnold's Army?)

Arnie's Army

DianeTeresa
    $200 14
Mexico

Jose
    $200 19
(Jose: What is a cow?)

a giraffe

TeresaJose
    $200 2
the library

Diane
    $200 23
Mr. Magoo

Teresa
    $300 10
sugarcane

Jose
    $300 28
John McEnroe

Jose
    $300 15
Gothic

Jose
    $300 20
the (Great) Pyrenees

Teresa
    $300 3
knots

Diane
    $300 24
taboo

Jose
    $400 11
crabgrass

Teresa
    $400 29
"Crazy Legs"

Jose
    $400 16
rococo

Diane
    $400 21
a chipmunk

Diane
    $400 4
origami

Diane
    $400 25
a buckaroo

Teresa
    $500 12
okra

Diane
    $500 30
(Jose: Who is Bill Russell?)
...
(Alex: Jose, if you were given a second chance, what would it be?)
(Jose: Bobby Orr.)
(Alex: No, Bobby Orr was not "The Garbage Man", so it's good that you weren't allowed a second chance. [*] was known as "The Garbage Man".)

Phil Esposito

Jose
Triple Stumper
    $500 17
a tower

Teresa
    $500 27
agazelle

Jose
    $400 5
Juliette Low

Diane
    $500 26
Kalamazoo

Diane

Scores at the first commercial break (after clue 11):

Diane Teresa Jose
$1,500 $300 $700

Scores at the end of the Jeopardy! Round:

Diane Teresa Jose
$3,200 $2,000 $2,200

Double Jeopardy! Round responses

FROM THE NEW WORLD
THE BIBLE
WORLD WAR II
VOCABULARY
BRITISH AUTHORS
U.S. PRESIDENTS
    $200 23
(Alex: And we have a minute left in the round.)

chocolate & vanilla

Diane
    $200 21
sheep's clothing

Teresa
    $200 8
the Arizona

Diane
    $200 2
lackadaisical

Jose
    $200 16
Edinburgh

Diane
    $200 1
Theodore Roosevelt

Jose
    $400 24
peppers

Diane
    $400 22
Solomon

Diane
    $400 9
Ireland

Diane
    $400 3
the platypus

Diane
    $400 17
Beatrix Potter

Diane
    $400 4
Truman

Teresa
    $600 25
the potato

Diane
    $600 28
the death of the first-born sons

Jose
    $600 10
Normandy

Jose
    $600 13
Madrilène

Teresa
    $600 18
Shaw

Teresa
    $600 5
William McKinley

Diane
    $800 26
corn

Teresa
    $800 29
Mary Magdalene

Diane
    $800 11
the USSR

Diane
    $800 14
Terpsichore

Diane
    $800 19
Keats

Teresa
    $800 6
(Diane: Who is James Monroe?)
(Jose: Who is Thomas Jefferson?)

James Madison

DianeJose
Triple Stumper
    $1000 27
tomatoes

Teresa
    $200 30
the Corinthians

Diane
    $1000 12
Midway

Teresa
    $600 15
(Diane: What is mercurial?)
(Alex: No, sorry. What is [*]? From Saturn. Brooding Saturn.)

Saturnine

Diane
    $1000 20
(Jose: Who is Graham Greene?)

Somerset Maugham

TeresaJose
    $1000 7
Andrew Jackson

Diane

Scores at the end of the Double Jeopardy! Round:

Diane Teresa Jose
$9,200 $8,400 $2,000

[wagering suggestions for these scores]

Final Jeopardy! Round responses

WORLD LEADERS
JoseWho is Gaddafi?
$1,999
TeresaWho was Atilla the Hun?
$5,000
DianeWho is Gaddafi?
$7,700
Saddam Hussein

Final scores:

Diane Teresa Jose
$1,500 $3,400 $1
2nd place New champion: $3,400 3rd place

Game dynamics:

Coryat scores:

Diane Teresa Jose
$10,700 $8,400 $2,000
24 R
(including 2 DDs),
3 W
(including 1 DD)
17 R,
1 W
16 R,
4 W

Combined Coryat: $21,100

[game clues] [game scores] [suggest correction]

Game tape date: 1992-07-21
The J! Archive is created by fans, for fans. Scraping, republication, monetization, and malicious use prohibited; this site may use cookies and collect identifying information. See terms. The Jeopardy! game show and all elements thereof, including but not limited to copyright and trademark thereto, are the property of Jeopardy Productions, Inc. and are protected under law. This website is not affiliated with, sponsored by, or operated by Jeopardy Productions, Inc. Join the discussion at JBoard.tv.